|
|
|
|
| LEADER |
00000cam a2200000 7i4500 |
| 001 |
0000009464 |
| 002 |
000010309 |
| 005 |
20011116.0 |
| 020 |
|
|
|a T000000778
|
| 090 |
0 |
0 |
|a JF
|b PIE
|
| 245 |
0 |
0 |
|a The Pied Piper of Hamelin
|
| 260 |
|
|
|a England :
|b Peter Haddock Ltd. ,
|c 19--?
|
| 300 |
|
|
|a p.v. :
|b ill. ;
|c 17cm.
|
| 650 |
0 |
0 |
|a Children's stories
|
| 999 |
|
|
|a 043720
|b BUKU
|c PINJAMAN
|e PERPUSTAKAAN KOMUNITI PETALING JAYA
|
| 999 |
|
|
|a 043721
|b BUKU
|c PINJAMAN
|e PERPUSTAKAAN KOMUNITI PETALING JAYA
|
| 999 |
|
|
|a 043722
|b BUKU
|c JUNIOR BOOKS
|e PERPUSTAKAAN KOMUNITI PETALING JAYA
|
| 999 |
|
|
|a 046658
|b BUKU
|c PINJAMAN
|e PERPUSTAKAAN KOMUNITI CAW KOTA DAMANSARA
|
| 999 |
|
|
|a 046659
|b BUKU
|c PINJAMAN
|e PERPUSTAKAAN KOMUNITI CAW KOTA DAMANSARA
|
| 999 |
|
|
|a 047580
|b BUKU
|c PINJAMAN
|e PERPUSTAKAAN KOMUNITI PETALING JAYA
|